International Communications Strategy: developments in cross-cultural communications, PR and social media (Record no. 4016)
[ view plain ]
| 000 -LEADER | |
|---|---|
| fixed length control field | 00571n a2200169 a 4500 |
| 000 - LEADER | |
| fixed length control field | BKB |
| 001 - CONTROL NUMBER | |
| control field | 070585 |
| 005 - DATE AND TIME OF LATEST TRANSACTION | |
| control field | 20200902150843.0 |
| 020 ## - INTERNATIONAL STANDARD BOOK NUMBER | |
| International Standard Book Number | 9780749460709 |
| 082 ## - DEWEY DECIMAL CLASSIFICATION NUMBER | |
| Classification number | 659.2 |
| Item number | C14I |
| 100 ## - MAIN ENTRY--PERSONAL NAME | |
| Personal name | Cambie, Silvia |
| 245 ## - TITLE STATEMENT | |
| Title | International Communications Strategy: developments in cross-cultural communications, PR and social media |
| Statement of responsibility, etc | by Silvia Cambie and Yang-May Ooi |
| 260 ## - PUBLICATION, DISTRIBUTION, ETC. (IMPRINT) | |
| Place of publication, distribution, etc | London |
| Name of publisher, distributor, etc | Kogan Page |
| Date of publication, distribution, etc | 2010 |
| 300 ## - PHYSICAL DESCRIPTION | |
| Extent | xvii, 222p. |
| 690 ## - LOCAL SUBJECT ADDED ENTRY--TOPICAL TERM (OCLC, RLIN) | |
| Topical term or geographic name as entry element | Public relations; Social media; Intercultural communication; Leadership |
| 700 ## - ADDED ENTRY--PERSONAL NAME | |
| Personal name | Ooi, Yang-May |
| Numeration | |
| Titles and other words associated with a name | |
| Withdrawn status | Lost status | Damaged status | Not for loan | Home library | Current library | Date acquired | Cost, normal purchase price | Total Checkouts | Full call number | Barcode | Date last seen | Price effective from | Koha item type |
|---|---|---|---|---|---|---|---|---|---|---|---|---|---|
| Central University Of Rajasthan | Central University Of Rajasthan | 07/03/2012 | 395.00 | 659.2 C14I | 4872 | 21/11/2024 | 02/09/2020 | Books |
